[Event "Sinquefield Cup 2nd"]
[Site "Saint Louis"]
[Date "2014.09.05"]
[Round "9"]
[White "Carlsen, Magnus"]
[Black "Aronian, Levon"]
[Result "1/2-1/2"]
[WhiteElo "2877"]
[BlackElo "2805"]
[Annotator "Krasenkow,M"]
[PlyCount "168"]
[EventDate "2014.08.27"]
[EventType "tourn"]
[EventRounds "10"]
[EventCountry "USA"]
[EventCategory "23"]
[SourceTitle "CBM 162"]
[Source "ChessBase"]
[SourceDate "2014.09.17"]
[SourceVersion "1"]
[SourceVersionDate "2014.09.17"]
[SourceQuality "1"]

1. d4 Nf6 2. c4 e6 3. Nf3 d5 4. Nc3 Be7 5. Bg5 h6 6. Bh4 O-O 7. e3 Ne4 8. Bxe7
Qxe7 9. Rc1 c6 10. Qc2 Nxc3 11. Qxc3 Nd7 12. Be2 (12. Bd3 dxc4 13. Bxc4 {
is more common but White wants to recapture with his queen.}) 12... dxc4 13.
Qxc4 {An unusual decision allowing e6-e5. On the other hand, White prevents ...
b7-b6 followed by ...Bc8-b7 and ...c6-c5 so the position remains asymmetrical.}
e5 14. O-O exd4 15. Nxd4 {We have a typical quiet position with the open
d-file. It is approximately equal but not yet drawn - just made for Magnus
Carlsen!} Nf6 (15... Ne5 16. Qc5 Re8 17. Qxe7 Rxe7 18. Rfd1 Bd7 19. b4 Kf8 20.
Rc3 Be8 21. Nb3 Rd7 22. f4 Rxd1+ 23. Bxd1 Rd8 24. Be2 Ng6 25. Kf2 Ne7 26. e4 b6
27. Bf3 f6 28. Ke3 $14 {/= 1/2 (55) Nanu,C (2515)-Nikolov,S (2409) Sunny Beach
2010}) (15... Nb6 16. Qc5 (16. Qb3 $5) 16... Re8 17. Qxe7 Rxe7 18. Rfd1 Be6 19.
a3 g6 20. Nxe6 Rxe6 21. Rd4 Kf8 22. Rcd1 Ree8 23. Kf1 Ke7 24. Re4+ {1/2 (24)
Del Rio de Angelis,S (2484)-San Segundo Carrillo,P (2509) Leon 2012}) 16. b4 ({
White obtained a tiny plus in the following game:} 16. Bf3 Re8 17. Rfd1 Bd7 18.
a4 a5 19. Qb3 Bg4 20. Bxg4 Nxg4 21. h3 Nf6 22. Nf5 Qe6 23. Qxe6 Rxe6 24. Nd6
Re7 25. Nc4 $14 {1-0 (83) Melkumyan,H (2628)-Esen,B (2555) Plovdiv 2012}) 16...
Bd7 (16... Be6 $5 17. Nxe6 Qxe6 18. Qxe6 fxe6 {was recommended by IM Maxim
Notkin but White can still fight on, say, after} 19. a4 {with a minority
attack.}) 17. Rfd1 Rfe8 18. Qc5 g6 19. a4 Qxc5 20. bxc5 a5 21. Nb3 (21. Rd2 $5
{M.Notkin}) 21... Re5 22. Rd4 Kf8 23. Kf1 Ke7 24. Bc4 g5 25. h3 b5 $6 {Hardly
a good idea. Black trades White's only weakness and remains with pawn ruins on
the queenside.} (25... h5 $5 26. Ke2 g4) 26. cxb6 Rb8 27. f4 $5 {A nice pawn
sacrifice.} Rxe3 28. Nc5 (28. Nxa5 Rxb6 29. fxg5 c5 30. Rd3 Rxd3 31. Bxd3 hxg5
32. Rxc5 g4 33. hxg4 Bxa4 $11) (28. fxg5 $5 hxg5 29. Nxa5 Re5 (29... Rxb6 30.
Bd3 $1) 30. Nb3 c5 31. Rxd7+ Nxd7 32. a5 $14) 28... Rxb6 29. Kf2 gxf4 30. Rxf4
Re5 31. Rxf6 Be8 {An unnecessary tactical trick.} (31... Rb2+ 32. Kf3 Rxc5 33.
Rxf7+ Kd8 (33... Kd6 34. Rd1+ Ke5 35. Re7+ Kf6 36. Re4 $14) 34. Rd1 Rxc4 35.
Rdxd7+ Kc8 {looks very dangerous for Black but, surprisingly, there is no
decisive blow, e.g.} 36. Rc7+ Kb8 $1 (36... Kd8 $2 37. Ra7 Ke8 38. Rh7) 37.
Rce7 Ka8) 32. Rf4 $1 Rxc5 33. Re4+ Kf8 34. Rxe8+ Kxe8 35. Bxf7+ Kxf7 36. Rxc5 {
This rook endgame is very subtle; the line between a draw and White's win is
very thin.} Rb4 {It looked more logical to give a couple of checks to force
White's king out of the centre:} (36... Rb2+ 37. Kg3 Rb3+ {; however, the king
goes forward:} 38. Kh4 $1 Rb4+ 39. g4 Rxa4 40. Rxc6 Kg7 41. Kh5 $18 {M.Notkin})
37. Rxa5 c5 38. Ke3 Rd4 39. Ra6 Kg7 $6 (39... h5 $5 40. Rh6 (40. a5 Ra4) 40...
Rxa4 41. Rxh5 Ra3+ 42. Kf4 c4 43. Rc5 c3 44. h4 Ra2 45. g4 c2 46. g5 (46. h5
Ra4+ 47. Kg3 Ra3+ 48. Kh4 Ra2 {is a theoretical draw}) 46... Ke6 47. Kg4 Kd6
48. Rc8 Ra4+ 49. Kh5 Ra2 {, and White apparently can't make progress}) 40. a5
Ra4 41. g4 h5 (41... Ra3+ 42. Ke4 Rxh3 43. Kd5 c4 (43... h5 44. gxh5 Rxh5+ 45.
Kc4 Rh4+ 46. Kb5) 44. Kxc4 h5 45. gxh5 Rh4+ 46. Kc5 Rxh5+ 47. Kb6 Rh6+ 48. Kb7
Rh5 49. Ra7 $1 $18 {M.Notkin}) 42. gxh5 Ra3+ 43. Ke4 c4 44. Kd4 c3 (44... Rf3
45. h6+ Kh7 46. Rc6) 45. Kd3 Kh7 46. h6 $2 (46. Kc2 $1 {was necessary. It is
essential for White not to allow Black's rook to control the a-pawn from the
side.} Kg7 47. h6+ Kh7 48. h4 Kh8 49. Ra7 Kg8 50. a6 Kh8 51. h5 $22 Kg8 52.
Rg7+ Kh8 53. a7 Ra2+ 54. Kb3 $18) 46... Rb3 $3 {Miraculously, this move now
saves the game.} 47. Kc2 (47. Rc6 {(b6, d6 etc.)} Ra3 48. a6 Kg8 {No zugzwang
is possible now, and White can't make progress.}) 47... Rb5 48. Kxc3 Rf5 {
The so-called Vancsura setup. Despite 3 extra pawns, the position is drawn.}
49. Ra8 Rb5 50. Kc4 Rf5 {The f-file is the most appropriate position for
Black's rook.} 51. Kb4 Rf4+ 52. Kc5 Rf5+ 53. Kd4 Rb5 54. Ke4 Rc5 55. Ra6 Rb5
56. h4 Rc5 57. Kd4 Rb5 58. Kc4 Rf5 59. Kb4 Rf4+ 60. Kc5 Rf5+ 61. Kb6 Rf6+ {
Black pushes White's king away as it is approaching the a-pawn.} 62. Kb7 Rf7+
63. Kc8 Rf8+ 64. Kd7 Rf5 65. Ra8 Rd5+ 66. Ke6 Rb5 67. Kf6 Rc5 68. Ra7+ Kxh6 69.
Kf7 Rb5 70. a6 Rb6 71. Kg8 Rb8+ 72. Kf7 Rb6 73. Ke7 Kg6 74. Kd7 Rf6 75. Ra8 Kg7
76. Kc7 Rf7+ 77. Kd6 Rf6+ 78. Ke5 Rb6 79. Ra7+ (79. a7 Ra6 $11) 79... Kg6 80.
h5+ Kh6 81. Kf5 Rc6 82. Re7 Rxa6 83. Re6+ Rxe6 84. Kxe6 Kxh5 1/2-1/2

[Event "FIDE Steinitz Mem Open"]
[Site "chess24.com INT"]
[Date "2020.05.15"]
[Round "3.4"]
[White "Carlsen, M."]
[Black "Mamedyarov, S."]
[Result "1-0"]
[WhiteElo "2863"]
[BlackElo "2764"]
[PlyCount "67"]
[EventDate "2020.05.15"]
[EventType "tourn (blitz)"]
[EventRounds "18"]
[EventCategory "20"]
[SourceTitle "The Week in Chess 1332"]
[Source "Mark Crowther"]
[SourceDate "2020.05.18"]
[SourceVersion "3"]
[SourceVersionDate "2020.05.28"]
[SourceQuality "2"]

1. d4 d5 2. Bf4 Nf6 3. e3 e6 4. Nf3 Bd6 5. Nbd2 O-O 6. c3 b6 7. Ne5 c5 8. Bd3
Bb7 9. h4 Nc6 10. Qf3 Rc8 11. h5 h6 12. Qg3 Ne8 13. Bxh6 cxd4 14. Bxg7 Nxg7 15.
h6 Qf6 16. hxg7 Qxg7 17. Bh7+ Kh8 18. Nxf7+ Rxf7 19. Bg6+ Kg8 20. Bxf7+ Kxf7
21. Qxd6 dxc3 22. bxc3 Ne5 23. O-O d4 24. f3 dxe3 25. Ne4 e2 26. Rf2 Kg8 27.
Qxe6+ Kh8 28. Qh3+ Kg8 29. Rxe2 Rf8 30. Qe6+ Kh8 31. Ng5 Nxf3+ 32. Nxf3 Bxf3
33. Rf2 Qxc3 34. Raf1 1-0

[Event "Lindores Abbey Final 8"]
[Site "chess24.com INT"]
[Date "2020.05.30"]
[Round "2.33"]
[White "Carlsen, M."]
[Black "Nakamura, Hi"]
[Result "1-0"]
[WhiteElo "2863"]
[BlackElo "2736"]
[PlyCount "91"]
[EventDate "2020.05.23"]
[EventType "k.o. (rapid)"]
[EventRounds "3"]
[SourceTitle "The Week in Chess 1334"]
[Source "Mark Crowther"]
[SourceDate "2020.06.01"]
[SourceVersion "1"]
[SourceVersionDate "2020.06.01"]
[SourceQuality "2"]

1. d4 Nf6 2. c4 e6 3. Nf3 d5 4. Nc3 Be7 5. Bf4 O-O 6. e3 Nbd7 7. Be2 dxc4 8.
O-O Nb6 9. Qc2 Nfd5 10. Bg3 c5 11. dxc5 Bxc5 12. Rfd1 Bd7 13. Ne5 Rc8 14. Rac1
Nb4 15. Qe4 N4d5 16. Qf3 Ba4 17. Nxa4 Nxa4 18. e4 Nxb2 19. exd5 Nxd1 20. Rxd1
exd5 21. Bxc4 Qe7 22. Bxd5 Bd6 23. Bxf7+ Kh8 24. Qh5 Bxe5 25. Bg6 h6 26. Bxe5
Qg5 27. Qxg5 hxg5 28. h4 Rc5 29. Bb2 Rb5 30. Ba3 Rc8 31. h5 Ra5 32. Bb2 Rxa2
33. Rd2 Kg8 34. Bb1 Ra5 35. Rd7 Rb5 36. Ba2+ Kh7 37. Bxg7 g4 38. Be5+ Kh6 39.
Bf4+ Kxh5 40. Bf7+ Kh4 41. Kh2 g3+ 42. fxg3+ Kg4 43. Be6+ Kh5 44. Rh7+ Kg6 45.
Rh6+ Kg7 46. Bxc8 1-0

[Event "chess.com Speed 2020"]
[Site "chess.com INT"]
[Date "2020.11.02"]
[Round "1.38"]
[White "Carlsen, M."]
[Black "Maghsoodloo, Parham"]
[Result "1-0"]
[WhiteElo "2862"]
[BlackElo "2676"]
[PlyCount "41"]
[EventDate "2020.11.01"]
[EventType "k.o. (blitz)"]
[EventRounds "4"]
[SourceTitle "The Week in Chess 1356"]
[Source "Mark Crowther"]
[SourceDate "2020.11.02"]
[SourceVersion "1"]
[SourceVersionDate "2020.11.02"]
[SourceQuality "2"]

1. e4 d5 2. exd5 Qxd5 3. Nc3 Qd8 4. d4 Nf6 5. Nf3 g6 6. Bc4 Bg7 7. O-O O-O 8.
Re1 a6 9. a4 Nc6 10. h3 b6 11. Bf4 Bb7 12. Qd2 e6 13. Rad1 Ne7 14. Ne5 Ned5 15.
Bg5 Qd6 16. Nxd5 exd5 17. Bxf6 Bxf6 18. Bb3 c5 19. dxc5 bxc5 20. Bxd5 Rad8 21.
Bxf7+ 1-0

[Event "chess.com sf blitz 1m+1spm"]
[Site "chess.com INT"]
[Date "2016.08.23"]
[Round "24"]
[White "Carlsen, Magnus"]
[Black "Grischuk, Alexander"]
[Result "1-0"]
[WhiteElo "2857"]
[BlackElo "2754"]
[PlyCount "79"]
[EventDate "2016.08.23"]
[EventType "match (blitz)"]
[EventRounds "32"]
[EventCountry "USA"]
[SourceTitle "CBM 174 Extra"]
[Source "ChessBase"]
[SourceDate "2016.10.10"]
[SourceVersion "1"]
[SourceVersionDate "2016.10.10"]
[SourceQuality "1"]

1. g3 d5 2. Bg2 c6 3. Nf3 Nf6 4. O-O Bf5 5. c4 e6 6. Qb3 Qb6 7. d3 Nbd7 8. Be3
Bc5 9. Bxc5 Nxc5 10. Qa3 a5 11. Nbd2 O-O 12. Rfc1 Nfd7 13. Qc3 h6 14. Rab1 Bg6
15. b3 Rfc8 16. a3 Nf6 17. b4 axb4 18. axb4 Ncd7 19. h3 Qd8 20. b5 Qe7 21. bxc6
bxc6 22. cxd5 cxd5 23. Qxc8+ Rxc8 24. Rxc8+ Kh7 25. Rc2 Qd6 26. Nf1 e5 27. Rd1
Qb4 28. Ne3 Qa4 29. Rcc1 Qa5 30. Nh4 Bh5 31. g4 Bg6 32. Nxg6 Kxg6 33. Rc6 Kg5
34. Bf3 h5 35. gxh5 Qa4 36. Rdc1 Qf4 37. Nxd5 Nxd5 38. Bxd5 Kxh5 39. R1c4 Qd2
40. Bxf7+ 1-0

[Event "Meltwater Tour Final 2021"]
[Site "chess24.com INT"]
[Date "2021.09.26"]
[Round "2.4"]
[White "Carlsen, M."]
[Black "Mamedyarov, S."]
[Result "1-0"]
[WhiteElo "2855"]
[BlackElo "2762"]
[PlyCount "99"]
[EventDate "2021.09.25"]
[SourceVersionDate "2018.05.14"]

1. d4 d5 2. c4 e6 3. Nc3 a6 4. cxd5 exd5 5. Bf4 Nf6 6. e3 c5 7. Nf3 Nc6 8. Be2
c4 9. O-O Bb4 10. Bg5 Be6 11. Ne5 Qa5 12. Bxf6 gxf6 13. Nxc6 bxc6 14. Na4 O-O
15. b3 Rab8 16. Qc2 Rfc8 17. bxc4 dxc4 18. a3 Bd6 19. Bxc4 Bf5 20. Qd1 Bg6 21.
Nc5 Bxc5 22. dxc5 Rd8 23. Qf3 Qxc5 24. Bxa6 Ra8 25. Bb7 Ra7 26. Qxc6 Qe7 27.
Ba6 Rda8 28. Bc4 Be4 29. Bd5 Ra6 30. Qc4 Ra4 31. Qb3 Rxa3 32. Rxa3 Rxa3 33.
Bxf7+ Kf8 34. Qe6 Bxg2 35. Kxg2 Qxf7 36. Qd6+ Qe7 37. Qb8+ Qe8 38. Qf4 Qc6+ 39.
Kg3 Ra5 40. h4 Kf7 41. Rd1 Ra8 42. e4 Re8 43. f3 Rg8+ 44. Kh2 Qc5 45. Qd2 Qe5+
46. f4 Qxe4 47. Qa2+ Ke7 48. Qa7+ Ke8 49. Qb8+ Kf7 50. Qc7+ 1-0

[Event "Norway Chess 4th"]
[Site "Stavanger"]
[Date "2016.04.19"]
[Round "1"]
[White "Carlsen, Magnus"]
[Black "Harikrishna, Pentala"]
[Result "1-0"]
[WhiteElo "2851"]
[BlackElo "2763"]
[Annotator "Krasenkow,M"]
[PlyCount "81"]
[EventDate "2016.04.19"]
[EventType "tourn"]
[EventRounds "9"]
[EventCountry "NOR"]
[EventCategory "21"]
[SourceTitle "CBM 172"]
[Source "ChessBase"]
[SourceDate "2016.05.12"]
[SourceVersion "1"]
[SourceVersionDate "2016.05.12"]
[SourceQuality "1"]

1. d4 Nf6 2. c4 e6 3. Nf3 b6 4. g3 Ba6 5. Nbd2 Bb4 6. Qa4 c5 7. a3 {A very
logical line: White provokes ...c7-c5 so that the position opens up, and then
obtains the advantage of the bishop pair.} Bxd2+ 8. Bxd2 O-O (8... cxd4 {
, seen in a number of games, is another possibility.}) 9. dxc5 {An unusual
move order.} (9. Bf4 Qc8 (9... Bb7 10. dxc5 e5 $5 {is a curious idea}) 10. Bd6
Re8 11. dxc5 Ne4 12. Bg2 Bb7 $11 (12... bxc5 $143 {1/2 (18) Portisch,L (2650)
-Seirawan,Y (2555) Mar del Plata 1981} 13. Ne5 $1 Bb7 14. Bxe4 Bxe4 15. f3 $16)
) (9. Bg2 {is common but then, besides} {Black can also play} d5 $5 {:} (9...
Bb7 {e.g.} 10. dxc5 (10. O-O cxd4 11. Nxd4 Bxg2 12. Kxg2 Nc6 13. Nxc6 dxc6 {
1/2 (13) Portisch,L (2630)-Keres,P (2615) Amsterdam 1971}) 10... bxc5 11. Be3 (
11. O-O d6 12. b4 $5) 11... d6 12. O-O a5 13. Qb3 Qc7 14. Rfd1 Ra6 15. Bf4 a4
16. Qc2 Nbd7 $11 {0-1 (34) Sebenik,M (2552)-Iordachescu,V (2645) Istanbul 2012}
) 10. dxc5 (10. Bf4 Qd7 11. Qxd7 Nbxd7 12. Ne5 cxd4 13. cxd5 exd5 14. Nxd7 Nxd7
15. O-O-O Nc5 $15 {1/2 (29) Toth,C (2420)-Sunye Neto,J (2545) Merida 1993}) (
10. cxd5 exd5 11. Be3 (11. O-O Bxe2 12. Rfe1 Bxf3 13. Bxf3 Qd7 $1 $15 {0-1 (40)
Sorin,A (2460)-Zarnicki,P (2515) Villa Gesell 1998 CBM 064 [Avrukh,B]}) (11.
Bg5 Qe8 $1) 11... Qe8 $11) 10... bxc5 11. Ne5 Bb7 12. O-O Qe7 {- Black should
equalise.}) 9... bxc5 10. Bg2 Qb6 $6 (10... Bb7 {transposes to
Sebenik-Iordachescu (see above). Black tries to make use of White's early
d4xc5 but the position of his queen on b6 is a serious drawback.}) 11. O-O Nc6
(11... d5 12. Ne5 $1 Qxb2 13. Bf4 $36) (11... Bb7 12. b4 $1) 12. Be3 $1 {
A very unpleasant pin, with a permanent threat of b2-b4.} Rfc8 (12... Qa5 $6
13. Qc2 $1 Ng4 14. b4 cxb4 15. axb4 Qh5 16. Bc5 $18 {1-0 (35) Belotti,B (2405)
-Boog,A (2375) Biel 1992}) (12... Rab8 $5 13. b4 Bxc4 14. Bxc5 Bb3 $1 15. Bxb6
Bxa4 16. Bc5 Rfc8 17. Bd6 $14) 13. Rfd1 $1 (13. Bxc5 $143 Qxc5 14. Qxa6 Qa5 $1
15. Qxa5 Nxa5 {- Black regains the c4-pawn and almost equalises.}) 13... d5 14.
cxd5 exd5 15. Bxc5 {Now in time!} Qa5 $1 {A tactical trick enabling Black to
regain the pawn but White keeps a positional advantage.} 16. Qc2 (16. Qxa5 Nxa5
17. Nd4 Rxc5 18. b4 {was possible too, but the game continuation is more clear.
}) 16... Bxe2 17. Qxe2 Qxc5 18. Rac1 Qb6 19. b4 $16 {White has a queenside
pawn advantage, his bishop is strong, and Black's d5-pawn is weak. Black
gradually succumbs to White's pressure.} h6 20. Qe3 $1 {A good idea. White's
queenside pawns will be especially strong in the endgame.} Qb7 {Too passive.} (
20... Qxe3 21. fxe3 Ne7 {was relatively better after all.}) 21. Bh3 Re8 22. Qc3
Ne7 23. Nd4 Ne4 24. Qc7 Qa6 25. f3 Ng5 26. Bd7 Red8 27. h4 Nxf3+ $6 {
Desperation.} (27... Nh7 28. Re1 Qf6 29. Rcd1 {and Black is in a kind of
stalemate.}) 28. Nxf3 Qxa3 29. Kg2 Qb2+ {An unnecessary check.} (29... Qxb4 {
may be more stubborn.}) 30. Rd2 Qxb4 31. Re1 {White may have technical
problems after the queen exchange but he avoids it, using his extra piece for
a decisive attack.} a5 32. Rde2 Ng6 33. h5 Nh8 34. Bf5 a4 35. Ne5 Qd6 36. Qc2
$1 Re8 37. Bh7+ Kf8 38. Qf5 Re7 39. Bg6 Kg8 40. Nxf7 $1 Rxf7 41. Bxf7+ 1-0